000 00344 a2200157 4500
001 62151
020 _a9788501091376
040 _cAnchieta - Pituba
100 _aSmith, L. J.
240 1 0 _aDiários do vampiro
_lpor
245 1 0 _aDiários do vampiro
300 _a396
362 0 _a2012
650 4 _aFicção norte-americana
942 _cBK
999 _c62151
_d62151